The Earths Most Biodiverse Countries - Statistics

General Stats
  • This quiz has been taken 31 times
  • The average score is 40 of 51
Answer Stats
Hint Answer % Correct
1 Brazil
94%
4 China
94%
14 DR Congo
94%
9 India
94%
2 Indonesia
94%
6 Mexico
94%
10 United States
94%
7 Australia
90%
3 Colombia
90%
28 Madagascar
90%
35 Nigeria
90%
13 South Africa
90%
27 Japan
87%
21 Myanmar
87%
5 Peru
87%
11 Venezuela
87%
19 Argentina
84%
12 Bolivia
84%
43 Congo
84%
26 Costa Rica
84%
8 Ecuador
84%
22 Kenya
84%
41 Laos
84%
23 Panama
84%
24 Philippines
84%
46 Russia
84%
20 Thailand
84%
34 Honduras
81%
15 Malaysia
81%
16 Tanzania
81%
18 Vietnam
81%
30 Angola
77%
36 Ethiopia
77%
29 Guatemala
77%
17 Papua New Guinea
77%
42 Ghana
74%
39 Nicaragua
71%
31 Guyana
68%
38 Guyana
68%
48 Iran
68%
32 Mozambique
68%
47 Nepal
68%
40 Suriname
68%
34 Uganda
68%
25 Cameroon
65%
44 Ivory Coast
61%
37 Sudan
58%
45 Zambia
58%
49 Gabon
55%
33 Guinea
48%
50 Trinidad and Tobago
39%
No matching quizzes found
Score Distribution
Percent of People with Each Score
Percentile by Number Answered
Your Score History
You have not taken this quiz